| 000 | 00496nam a22001817a 4500 | ||
|---|---|---|---|
| 003 | CEME | ||
| 005 | 20210628202506.0 | ||
| 008 | 210121b xxu||||| |||| 00| 0 eng d | ||
| 020 | _a81-203-1691-6 | ||
| 040 | _c. | ||
| 082 | _a658.4092 HAR | ||
| 100 |
_aHarris , Michael .C _960133 |
||
| 245 | _aValue leadership ,winning competitive advantage in the information age | ||
| 260 |
_aINDIA _bPRENTICE HALL OF INDIA _c2003 |
||
| 300 | _aXXV,274P | ||
| 650 |
_aLEADERSHIP _9300 |
||
| 942 |
_cBK _2ddc |
||
| 999 |
_c569942 _d569942 |
||